Statystyki dla Liga Mistrzów 2013/2014

Kliknij tutaj aby rozwiązać quiz!

Ogólne statystyki

  • Ten quiz został rozwiązany 12 825 razy
  • Średni wynik to 20 z 32

Statystyki odpowiedzi

GrupaKrajZespół% Poprawnych
DNiemcyBayern Monachium
96%
HHiszpaniaFC Barcelona
96%
BHiszpaniaReal Madryt
96%
BWłochyJuventus Turyn
91%
FNiemcyBorussia Dortmund
89%
AAngliaManchester United
89%
CFrancjaParis Saint-Germain
88%
DAngliaManchester City
83%
HWłochyAC Milan
81%
GHiszpaniaAtletico Madryt
81%
EAngliaChelsea Londyn
81%
GPortugaliaFC Porto
79%
FAngliaArsenal Londyn
78%
HHolandiaAjax Amsterdam
75%
CPortugaliaBenfica Lizbona
66%
FWłochySSC Napoli
61%
HSzkocjaCeltic Glasgow
58%
DRosjaCSKA Moskwa
53%
BDaniaFC Kopenhaga
53%
BTurcjaGalatasaray Stambuł
52%
GRosjaZenit Sankt Petersburg
52%
ENiemcySchalke Gelsenkirchen
50%
CBelgiaAnderlecht Bruksela
47%
AUkrainaSzachtar Donieck
47%
FFrancjaOlympique Marsylia
42%
ESzwajcariaFC Basel
41%
GAustriaAustria Wiedeń
35%
ANiemcyBayer Leverkusen
30%
CGrecjaOlympiakos Pireus
25%
ERumuniaSteaua Bukareszt
18%
DCzechyViktoria Pilzno
17%
AHiszpaniaReal Sociedad
15%

Rozkład punktacji

Percentyl według liczby udzielonych odpowiedzi

Procent ludzi z każdym wynikiem

Twoja historia wyników

Nie rozwiązałeś tego quizu